000 00753nam a22002057a 4500
999 _c11103
_d11103
003 AR-CdUCM
008 190402b ||||| |||| 00| 0 spa d
040 _aMUNICIPALIDAD PROVINCIAL DEL CUSCO
_cBIBLIOTECA MUNICIPAL DEL CUSCO
082 _a349.851 /
_bSI624 / 1946
100 _aSivirichi, Atilio
_97194
245 _aDerecho indígena peruano :
_bProyecto de código indígena /
260 _aLima :
_bKuntur,
_c1946.
300 _a550 páginas ;
_c25 cm.
500 _aLibro en mal estado, las hojas se están saliendo, tapa en mal estado.
505 _aContenido: El derecho indígena -- Legislación civil indígena -- Legislación penal indígena ...
650 _aPerú
_935
650 _aDerecho
_9739
942 _2ddc
_cLIBROS
945 _acmm